<?xml version="1.0" encoding="UTF-8"?>
<record
    xmlns:xsi="http://www.w3.org/2001/XMLSchema-instance"
    xsi:schemaLocation="http://www.loc.gov/MARC21/slim http://www.loc.gov/standards/marcxml/schema/MARC21slim.xsd"
    xmlns="http://www.loc.gov/MARC21/slim">

  <leader>01434nas a2200253 454500</leader>
  <controlfield tag="001">53986</controlfield>
  <controlfield tag="005">20260407193512.0</controlfield>
  <controlfield tag="008">260407s1961####ag###########|||spa#d</controlfield>
  <controlfield tag="003">AR-UNSa-BCEJYS</controlfield>
  <datafield tag="040" ind1=" " ind2=" ">
    <subfield code="a">AR-UNSa-BCEJYS</subfield>
    <subfield code="b">spa</subfield>
    <subfield code="c">AR-UNSa-BCEJYS</subfield>
  </datafield>
  <datafield tag="080" ind1=" " ind2=" ">
    <subfield code="a">336.22</subfield>
    <subfield code="x">Impuestos</subfield>
  </datafield>
  <datafield tag="245" ind1="1" ind2="0">
    <subfield code="a">La informaci&#xF3;n</subfield>
    <subfield code="p">impuestos-sociedades</subfield>
  </datafield>
  <datafield tag="264" ind1=" " ind2="1">
    <subfield code="a">Buenos Aires :</subfield>
    <subfield code="b">Cangallo</subfield>
    <subfield code="c">1961</subfield>
  </datafield>
  <datafield tag="310" ind1=" " ind2=" ">
    <subfield code="a">Frecuencia: Semestral
Revista La Informaci&#xF3;n encudernada en tomos
A partir del Tomo XII se agregan como Directores Oscar Parre&#xF1;o y Juan Pedro Castro
Cambia de Director a partir del Tomo XIII por Juan Pedro Castro
Cambia de Director a partir del Tomo XVI por Francisco Cholvis
Cambia de Directores a partir del Tomo XVIII por Dino Jarach, Nicolas J. Scotti y Fernando H. Mascheroni
Cambia de Directores a partir del Tomo XIX por Dino Jarach y Fernando H. Mascheroni
Cambia de Directores a partir del Tomo XXXVI por Dino Jarach, Fernando H. Mascheroni y Valentin Rubio
Cambia de Directores a partir del Tomo XLIII por Dino Jarach, H&#xE9;ctor Alegria y Valentin Rubio
Cambia de Directores a partir del Tomo XLVII por Dino Jarach, Ra&#xFA;l An&#xED;bal Etcheverry y Valentin Rubio</subfield>
  </datafield>
  <datafield tag="041" ind1=" " ind2=" ">
    <subfield code="a">spa</subfield>
  </datafield>
  <datafield tag="942" ind1=" " ind2=" ">
    <subfield code="c">SER</subfield>
  </datafield>
  <datafield tag="590" ind1=" " ind2=" ">
    <subfield code="a">niveau_biblio:s niveau_hierar:1</subfield>
  </datafield>
  <datafield tag="100" ind1="1" ind2=" ">
    <subfield code="a">Rico, Manuel A.</subfield>
  </datafield>
  <datafield tag="700" ind1="1" ind2=" ">
    <subfield code="a">Nanclares, Elias A.</subfield>
  </datafield>
  <datafield tag="650" ind1=" " ind2=" ">
    <subfield code="a">Seguridad social</subfield>
  </datafield>
  <datafield tag="650" ind1=" " ind2=" ">
    <subfield code="a">Trabajo</subfield>
  </datafield>
  <datafield tag="650" ind1=" " ind2=" ">
    <subfield code="a">IMPUESTOS</subfield>
  </datafield>
  <datafield tag="650" ind1=" " ind2=" ">
    <subfield code="a">SOCIEDADES COMERCIALES</subfield>
  </datafield>
  <datafield tag="999" ind1=" " ind2=" ">
    <subfield code="c">8969</subfield>
    <subfield code="d">8969</subfield>
  </datafield>
  <datafield tag="952" ind1=" " ind2=" ">
    <subfield code="0">0</subfield>
    <subfield code="1">0</subfield>
    <subfield code="4">0</subfield>
    <subfield code="7">0</subfield>
    <subfield code="a">BCEJYS</subfield>
    <subfield code="b">BCEJYS</subfield>
    <subfield code="c">17</subfield>
    <subfield code="d">1985-01-01</subfield>
    <subfield code="h">Tomo LI - ene./jun. 1985</subfield>
    <subfield code="l">0</subfield>
    <subfield code="o">H336.22 INF T.51</subfield>
    <subfield code="p">R23235</subfield>
    <subfield code="r">2026-04-10 16:10:18</subfield>
    <subfield code="w">2026-04-10</subfield>
    <subfield code="y">RN</subfield>
  </datafield>
  <datafield tag="952" ind1=" " ind2=" ">
    <subfield code="0">0</subfield>
    <subfield code="1">0</subfield>
    <subfield code="4">0</subfield>
    <subfield code="7">0</subfield>
    <subfield code="a">BCEJYS</subfield>
    <subfield code="b">BCEJYS</subfield>
    <subfield code="c">17</subfield>
    <subfield code="d">1984-07-01</subfield>
    <subfield code="h">Tomo L - jul./dic. 1984</subfield>
    <subfield code="l">0</subfield>
    <subfield code="o">H336.22 INF T.50</subfield>
    <subfield code="p">R23234</subfield>
    <subfield code="r">2026-04-10 16:10:18</subfield>
    <subfield code="w">2026-04-10</subfield>
    <subfield code="y">RN</subfield>
  </datafield>
  <datafield tag="952" ind1=" " ind2=" ">
    <subfield code="0">0</subfield>
    <subfield code="1">0</subfield>
    <subfield code="4">0</subfield>
    <subfield code="7">0</subfield>
    <subfield code="a">BCEJYS</subfield>
    <subfield code="b">BCEJYS</subfield>
    <subfield code="c">17</subfield>
    <subfield code="d">1984-01-01</subfield>
    <subfield code="h">Tomo XLIX - ene./dic. 1984</subfield>
    <subfield code="l">0</subfield>
    <subfield code="o">H336.22 INF T.49</subfield>
    <subfield code="p">R23233</subfield>
    <subfield code="r">2026-04-10 16:10:18</subfield>
    <subfield code="w">2026-04-10</subfield>
    <subfield code="y">RN</subfield>
  </datafield>
  <datafield tag="952" ind1=" " ind2=" ">
    <subfield code="0">0</subfield>
    <subfield code="1">0</subfield>
    <subfield code="4">0</subfield>
    <subfield code="7">0</subfield>
    <subfield code="a">BCEJYS</subfield>
    <subfield code="b">BCEJYS</subfield>
    <subfield code="c">17</subfield>
    <subfield code="d">1983-07-01</subfield>
    <subfield code="h">Tomo XLVIII - jul./dic. 1983</subfield>
    <subfield code="l">0</subfield>
    <subfield code="o">H336.22 INF T.48</subfield>
    <subfield code="p">R23232</subfield>
    <subfield code="r">2026-04-10 16:10:18</subfield>
    <subfield code="w">2026-04-10</subfield>
    <subfield code="y">RN</subfield>
  </datafield>
  <datafield tag="952" ind1=" " ind2=" ">
    <subfield code="0">0</subfield>
    <subfield code="1">0</subfield>
    <subfield code="4">0</subfield>
    <subfield code="7">0</subfield>
    <subfield code="a">BCEJYS</subfield>
    <subfield code="b">BCEJYS</subfield>
    <subfield code="c">17</subfield>
    <subfield code="d">1983-01-01</subfield>
    <subfield code="h">Tomo XLVII - ene./jun. 1983</subfield>
    <subfield code="l">0</subfield>
    <subfield code="o">H336.22 INF T.47</subfield>
    <subfield code="p">R23231</subfield>
    <subfield code="r">2026-04-10 16:10:18</subfield>
    <subfield code="w">2026-04-10</subfield>
    <subfield code="y">RN</subfield>
  </datafield>
  <datafield tag="952" ind1=" " ind2=" ">
    <subfield code="0">0</subfield>
    <subfield code="1">0</subfield>
    <subfield code="4">0</subfield>
    <subfield code="7">0</subfield>
    <subfield code="a">BCEJYS</subfield>
    <subfield code="b">BCEJYS</subfield>
    <subfield code="c">17</subfield>
    <subfield code="d">1982-07-01</subfield>
    <subfield code="h">Tomo XLVI - jul./dic. 1982</subfield>
    <subfield code="l">0</subfield>
    <subfield code="o">H336.22 INF T.46</subfield>
    <subfield code="p">R23230</subfield>
    <subfield code="r">2026-04-10 16:10:18</subfield>
    <subfield code="w">2026-04-10</subfield>
    <subfield code="y">RN</subfield>
  </datafield>
  <datafield tag="952" ind1=" " ind2=" ">
    <subfield code="0">0</subfield>
    <subfield code="1">0</subfield>
    <subfield code="4">0</subfield>
    <subfield code="7">0</subfield>
    <subfield code="a">BCEJYS</subfield>
    <subfield code="b">BCEJYS</subfield>
    <subfield code="c">17</subfield>
    <subfield code="d">1982-01-01</subfield>
    <subfield code="h">Tomo XLV - ene./jun. 1982</subfield>
    <subfield code="l">0</subfield>
    <subfield code="o">H336.22 INF T.45</subfield>
    <subfield code="p">R23229</subfield>
    <subfield code="r">2026-04-10 16:10:18</subfield>
    <subfield code="w">2026-04-10</subfield>
    <subfield code="y">RN</subfield>
  </datafield>
  <datafield tag="952" ind1=" " ind2=" ">
    <subfield code="0">0</subfield>
    <subfield code="1">0</subfield>
    <subfield code="4">0</subfield>
    <subfield code="7">0</subfield>
    <subfield code="a">BCEJYS</subfield>
    <subfield code="b">BCEJYS</subfield>
    <subfield code="c">13</subfield>
    <subfield code="d">1981-07-01</subfield>
    <subfield code="h">Tomo XLIV - jul./dic. 1981</subfield>
    <subfield code="l">0</subfield>
    <subfield code="o">H336.22 INF T.44</subfield>
    <subfield code="p">R23228</subfield>
    <subfield code="r">2026-04-10 16:10:18</subfield>
    <subfield code="w">2026-04-10</subfield>
    <subfield code="y">RN</subfield>
  </datafield>
  <datafield tag="952" ind1=" " ind2=" ">
    <subfield code="0">0</subfield>
    <subfield code="1">0</subfield>
    <subfield code="4">0</subfield>
    <subfield code="7">0</subfield>
    <subfield code="a">BCEJYS</subfield>
    <subfield code="b">BCEJYS</subfield>
    <subfield code="c">13</subfield>
    <subfield code="d">1981-01-01</subfield>
    <subfield code="h">Tomo XLIII - ene./jun. 1981</subfield>
    <subfield code="l">0</subfield>
    <subfield code="o">H336.22 INF T.43</subfield>
    <subfield code="p">R23226</subfield>
    <subfield code="r">2026-04-10 16:10:19</subfield>
    <subfield code="w">2026-04-10</subfield>
    <subfield code="y">RN</subfield>
  </datafield>
  <datafield tag="952" ind1=" " ind2=" ">
    <subfield code="0">0</subfield>
    <subfield code="1">0</subfield>
    <subfield code="4">0</subfield>
    <subfield code="7">0</subfield>
    <subfield code="a">BCEJYS</subfield>
    <subfield code="b">BCEJYS</subfield>
    <subfield code="c">13</subfield>
    <subfield code="d">1981-01-01</subfield>
    <subfield code="h">Tomo XLIII - ene./jun. 1981</subfield>
    <subfield code="l">0</subfield>
    <subfield code="o">H336.22 INF T.43 Ej. 2</subfield>
    <subfield code="p">R23227</subfield>
    <subfield code="r">2026-04-10 16:10:19</subfield>
    <subfield code="w">2026-04-10</subfield>
    <subfield code="y">RN</subfield>
  </datafield>
  <datafield tag="952" ind1=" " ind2=" ">
    <subfield code="0">0</subfield>
    <subfield code="1">0</subfield>
    <subfield code="4">0</subfield>
    <subfield code="7">0</subfield>
    <subfield code="a">BCEJYS</subfield>
    <subfield code="b">BCEJYS</subfield>
    <subfield code="c">13</subfield>
    <subfield code="d">1980-07-01</subfield>
    <subfield code="h">Tomo XLII - jul./dic. 1980</subfield>
    <subfield code="l">0</subfield>
    <subfield code="o">H336.22 INF T.42</subfield>
    <subfield code="p">R23225</subfield>
    <subfield code="r">2026-04-10 16:10:19</subfield>
    <subfield code="w">2026-04-10</subfield>
    <subfield code="y">RN</subfield>
  </datafield>
  <datafield tag="952" ind1=" " ind2=" ">
    <subfield code="0">0</subfield>
    <subfield code="1">0</subfield>
    <subfield code="4">0</subfield>
    <subfield code="7">0</subfield>
    <subfield code="a">BCEJYS</subfield>
    <subfield code="b">BCEJYS</subfield>
    <subfield code="c">13</subfield>
    <subfield code="d">1980-01-01</subfield>
    <subfield code="h">Tomo XLI - ene./jun. 1980</subfield>
    <subfield code="l">0</subfield>
    <subfield code="o">H336.22 INF T.41</subfield>
    <subfield code="p">R23224</subfield>
    <subfield code="r">2026-04-10 16:10:19</subfield>
    <subfield code="w">2026-04-10</subfield>
    <subfield code="y">RN</subfield>
  </datafield>
  <datafield tag="952" ind1=" " ind2=" ">
    <subfield code="0">0</subfield>
    <subfield code="1">0</subfield>
    <subfield code="4">0</subfield>
    <subfield code="7">0</subfield>
    <subfield code="a">BCEJYS</subfield>
    <subfield code="b">BCEJYS</subfield>
    <subfield code="c">13</subfield>
    <subfield code="d">1979-01-01</subfield>
    <subfield code="h">Tomo XL - jul./dic. 1979</subfield>
    <subfield code="l">0</subfield>
    <subfield code="o">H336.22 INF T.40</subfield>
    <subfield code="p">R23223</subfield>
    <subfield code="r">2026-04-10 16:10:19</subfield>
    <subfield code="w">2026-04-10</subfield>
    <subfield code="y">RN</subfield>
  </datafield>
  <datafield tag="952" ind1=" " ind2=" ">
    <subfield code="0">0</subfield>
    <subfield code="1">0</subfield>
    <subfield code="4">0</subfield>
    <subfield code="7">0</subfield>
    <subfield code="a">BCEJYS</subfield>
    <subfield code="b">BCEJYS</subfield>
    <subfield code="c">13</subfield>
    <subfield code="d">1979-01-01</subfield>
    <subfield code="h">Tomo XXXIX - ene./jun. 1979</subfield>
    <subfield code="l">0</subfield>
    <subfield code="o">H336.22 INF T.39</subfield>
    <subfield code="p">R23222</subfield>
    <subfield code="r">2026-04-10 16:10:19</subfield>
    <subfield code="w">2026-04-10</subfield>
    <subfield code="y">RN</subfield>
  </datafield>
  <datafield tag="952" ind1=" " ind2=" ">
    <subfield code="0">0</subfield>
    <subfield code="1">0</subfield>
    <subfield code="4">0</subfield>
    <subfield code="7">0</subfield>
    <subfield code="a">BCEJYS</subfield>
    <subfield code="b">BCEJYS</subfield>
    <subfield code="c">13</subfield>
    <subfield code="d">1978-07-01</subfield>
    <subfield code="h">Tomo XXXVIII - jul./dic. 1978</subfield>
    <subfield code="l">0</subfield>
    <subfield code="o">H336.22 INF T.38</subfield>
    <subfield code="p">R23221</subfield>
    <subfield code="r">2026-04-10 16:10:19</subfield>
    <subfield code="w">2026-04-10</subfield>
    <subfield code="y">RN</subfield>
  </datafield>
  <datafield tag="952" ind1=" " ind2=" ">
    <subfield code="0">0</subfield>
    <subfield code="1">0</subfield>
    <subfield code="4">0</subfield>
    <subfield code="7">0</subfield>
    <subfield code="a">BCEJYS</subfield>
    <subfield code="b">BCEJYS</subfield>
    <subfield code="c">13</subfield>
    <subfield code="d">1978-01-01</subfield>
    <subfield code="h">Tomo XXXVII - ene./jun. 1978</subfield>
    <subfield code="l">0</subfield>
    <subfield code="o">H336.22 INF T.37</subfield>
    <subfield code="p">R23220</subfield>
    <subfield code="r">2026-04-10 16:10:19</subfield>
    <subfield code="w">2026-04-10</subfield>
    <subfield code="y">RN</subfield>
  </datafield>
  <datafield tag="952" ind1=" " ind2=" ">
    <subfield code="0">0</subfield>
    <subfield code="1">0</subfield>
    <subfield code="4">0</subfield>
    <subfield code="7">0</subfield>
    <subfield code="a">BCEJYS</subfield>
    <subfield code="b">BCEJYS</subfield>
    <subfield code="c">13</subfield>
    <subfield code="d">1977-07-01</subfield>
    <subfield code="h">Tomo XXXVI - jul./dic. 1977</subfield>
    <subfield code="l">0</subfield>
    <subfield code="o">H336.22 INF T.36</subfield>
    <subfield code="p">R23219</subfield>
    <subfield code="r">2026-04-10 16:10:19</subfield>
    <subfield code="w">2026-04-10</subfield>
    <subfield code="y">RN</subfield>
  </datafield>
  <datafield tag="952" ind1=" " ind2=" ">
    <subfield code="0">0</subfield>
    <subfield code="1">0</subfield>
    <subfield code="4">0</subfield>
    <subfield code="7">0</subfield>
    <subfield code="a">BCEJYS</subfield>
    <subfield code="b">BCEJYS</subfield>
    <subfield code="c">13</subfield>
    <subfield code="d">1977-01-01</subfield>
    <subfield code="h">Tomo XXXV - ene./jun. 1977</subfield>
    <subfield code="l">0</subfield>
    <subfield code="o">H336.22 INF T.35</subfield>
    <subfield code="p">R23218</subfield>
    <subfield code="r">2026-04-10 16:10:19</subfield>
    <subfield code="w">2026-04-10</subfield>
    <subfield code="y">RN</subfield>
  </datafield>
  <datafield tag="952" ind1=" " ind2=" ">
    <subfield code="0">0</subfield>
    <subfield code="1">0</subfield>
    <subfield code="4">0</subfield>
    <subfield code="7">0</subfield>
    <subfield code="a">BCEJYS</subfield>
    <subfield code="b">BCEJYS</subfield>
    <subfield code="c">13</subfield>
    <subfield code="d">1976-07-01</subfield>
    <subfield code="h">Tomo XXXIV - jul./dic. 1976</subfield>
    <subfield code="l">0</subfield>
    <subfield code="o">H336.22 INF T.34</subfield>
    <subfield code="p">R23217</subfield>
    <subfield code="r">2026-04-10 16:10:19</subfield>
    <subfield code="w">2026-04-10</subfield>
    <subfield code="y">RN</subfield>
  </datafield>
  <datafield tag="952" ind1=" " ind2=" ">
    <subfield code="0">0</subfield>
    <subfield code="1">0</subfield>
    <subfield code="4">0</subfield>
    <subfield code="7">0</subfield>
    <subfield code="a">BCEJYS</subfield>
    <subfield code="b">BCEJYS</subfield>
    <subfield code="c">13</subfield>
    <subfield code="d">1976-01-01</subfield>
    <subfield code="h">Tomo XXXIII - ene./jun. 1976</subfield>
    <subfield code="l">0</subfield>
    <subfield code="o">H336.22 INF T.33</subfield>
    <subfield code="p">R23216</subfield>
    <subfield code="r">2026-04-10 16:10:19</subfield>
    <subfield code="w">2026-04-10</subfield>
    <subfield code="y">RN</subfield>
  </datafield>
  <datafield tag="952" ind1=" " ind2=" ">
    <subfield code="0">0</subfield>
    <subfield code="1">0</subfield>
    <subfield code="4">0</subfield>
    <subfield code="7">0</subfield>
    <subfield code="a">BCEJYS</subfield>
    <subfield code="b">BCEJYS</subfield>
    <subfield code="c">13</subfield>
    <subfield code="d">1975-07-01</subfield>
    <subfield code="h">Tomo XXXII - jul./dic. 1975</subfield>
    <subfield code="l">0</subfield>
    <subfield code="o">H336.22 INF T.32</subfield>
    <subfield code="p">R23215</subfield>
    <subfield code="r">2026-04-10 16:10:19</subfield>
    <subfield code="w">2026-04-10</subfield>
    <subfield code="y">RN</subfield>
  </datafield>
  <datafield tag="952" ind1=" " ind2=" ">
    <subfield code="0">0</subfield>
    <subfield code="1">0</subfield>
    <subfield code="4">0</subfield>
    <subfield code="7">0</subfield>
    <subfield code="a">BCEJYS</subfield>
    <subfield code="b">BCEJYS</subfield>
    <subfield code="c">13</subfield>
    <subfield code="d">1975-01-01</subfield>
    <subfield code="h">Tomo XXXI - ene./jun. 1975</subfield>
    <subfield code="l">0</subfield>
    <subfield code="o">H336.22 INF T.31</subfield>
    <subfield code="p">R23214</subfield>
    <subfield code="r">2026-04-10 16:10:19</subfield>
    <subfield code="w">2026-04-10</subfield>
    <subfield code="y">RN</subfield>
  </datafield>
  <datafield tag="952" ind1=" " ind2=" ">
    <subfield code="0">0</subfield>
    <subfield code="1">0</subfield>
    <subfield code="4">0</subfield>
    <subfield code="7">0</subfield>
    <subfield code="a">BCEJYS</subfield>
    <subfield code="b">BCEJYS</subfield>
    <subfield code="c">13</subfield>
    <subfield code="d">1974-01-01</subfield>
    <subfield code="h">Tomo XXIX - ene./jun. 1974</subfield>
    <subfield code="l">0</subfield>
    <subfield code="o">H336.22 INF T.29</subfield>
    <subfield code="p">R23213</subfield>
    <subfield code="r">2026-04-10 16:10:19</subfield>
    <subfield code="w">2026-04-10</subfield>
    <subfield code="y">RN</subfield>
  </datafield>
  <datafield tag="952" ind1=" " ind2=" ">
    <subfield code="0">0</subfield>
    <subfield code="1">0</subfield>
    <subfield code="4">0</subfield>
    <subfield code="7">0</subfield>
    <subfield code="a">BCEJYS</subfield>
    <subfield code="b">BCEJYS</subfield>
    <subfield code="c">13</subfield>
    <subfield code="d">1973-07-01</subfield>
    <subfield code="h">Tomo XXVIII - jul./dic. 1973</subfield>
    <subfield code="l">0</subfield>
    <subfield code="o">H336.22 INF T.28</subfield>
    <subfield code="p">R23212</subfield>
    <subfield code="r">2026-04-10 16:10:19</subfield>
    <subfield code="w">2026-04-10</subfield>
    <subfield code="y">RN</subfield>
  </datafield>
  <datafield tag="952" ind1=" " ind2=" ">
    <subfield code="0">0</subfield>
    <subfield code="1">0</subfield>
    <subfield code="4">0</subfield>
    <subfield code="7">0</subfield>
    <subfield code="a">BCEJYS</subfield>
    <subfield code="b">BCEJYS</subfield>
    <subfield code="c">13</subfield>
    <subfield code="d">1973-01-01</subfield>
    <subfield code="h">Tomo XXVII - ene./jun. 1973</subfield>
    <subfield code="l">0</subfield>
    <subfield code="o">H336.22 INF T.27</subfield>
    <subfield code="p">R23211</subfield>
    <subfield code="r">2026-04-10 16:10:19</subfield>
    <subfield code="w">2026-04-10</subfield>
    <subfield code="y">RN</subfield>
  </datafield>
  <datafield tag="952" ind1=" " ind2=" ">
    <subfield code="0">0</subfield>
    <subfield code="1">0</subfield>
    <subfield code="4">0</subfield>
    <subfield code="7">0</subfield>
    <subfield code="a">BCEJYS</subfield>
    <subfield code="b">BCEJYS</subfield>
    <subfield code="c">13</subfield>
    <subfield code="d">1972-07-01</subfield>
    <subfield code="h">Tomo XXVI - jul./dic. 1972</subfield>
    <subfield code="l">0</subfield>
    <subfield code="o">H336.22 INF T.26</subfield>
    <subfield code="p">R23210</subfield>
    <subfield code="r">2026-04-10 16:10:19</subfield>
    <subfield code="w">2026-04-10</subfield>
    <subfield code="y">RN</subfield>
  </datafield>
  <datafield tag="952" ind1=" " ind2=" ">
    <subfield code="0">0</subfield>
    <subfield code="1">0</subfield>
    <subfield code="4">0</subfield>
    <subfield code="7">0</subfield>
    <subfield code="a">BCEJYS</subfield>
    <subfield code="b">BCEJYS</subfield>
    <subfield code="c">13</subfield>
    <subfield code="d">1972-01-01</subfield>
    <subfield code="h">Tomo XXV - ene./jun. 1972</subfield>
    <subfield code="l">0</subfield>
    <subfield code="o">H336.22 INF T.25</subfield>
    <subfield code="p">R23209</subfield>
    <subfield code="r">2026-04-10 16:10:19</subfield>
    <subfield code="w">2026-04-10</subfield>
    <subfield code="y">RN</subfield>
  </datafield>
  <datafield tag="952" ind1=" " ind2=" ">
    <subfield code="0">0</subfield>
    <subfield code="1">0</subfield>
    <subfield code="4">0</subfield>
    <subfield code="7">0</subfield>
    <subfield code="a">BCEJYS</subfield>
    <subfield code="b">BCEJYS</subfield>
    <subfield code="c">13</subfield>
    <subfield code="d">1971-07-01</subfield>
    <subfield code="h">Tomo XXIV - jul./dic. 1971</subfield>
    <subfield code="l">0</subfield>
    <subfield code="o">H336.22 INF T.24</subfield>
    <subfield code="p">R23208</subfield>
    <subfield code="r">2026-04-10 16:10:19</subfield>
    <subfield code="w">2026-04-10</subfield>
    <subfield code="y">RN</subfield>
  </datafield>
  <datafield tag="952" ind1=" " ind2=" ">
    <subfield code="0">0</subfield>
    <subfield code="1">0</subfield>
    <subfield code="4">0</subfield>
    <subfield code="7">0</subfield>
    <subfield code="a">BCEJYS</subfield>
    <subfield code="b">BCEJYS</subfield>
    <subfield code="c">13</subfield>
    <subfield code="d">1971-01-01</subfield>
    <subfield code="h">Tomo XXIII - ene./jun. 1971</subfield>
    <subfield code="l">0</subfield>
    <subfield code="o">H336.22 INF T.23</subfield>
    <subfield code="p">R23207</subfield>
    <subfield code="r">2026-04-10 16:10:19</subfield>
    <subfield code="w">2026-04-10</subfield>
    <subfield code="y">RN</subfield>
  </datafield>
  <datafield tag="952" ind1=" " ind2=" ">
    <subfield code="0">0</subfield>
    <subfield code="1">0</subfield>
    <subfield code="4">0</subfield>
    <subfield code="7">0</subfield>
    <subfield code="a">BCEJYS</subfield>
    <subfield code="b">BCEJYS</subfield>
    <subfield code="c">13</subfield>
    <subfield code="d">1970-07-01</subfield>
    <subfield code="h">Tomo XXII - jul./dic. 1970</subfield>
    <subfield code="l">0</subfield>
    <subfield code="o">H336.22 INF T.22</subfield>
    <subfield code="p">R23206</subfield>
    <subfield code="r">2026-04-10 16:10:19</subfield>
    <subfield code="w">2026-04-10</subfield>
    <subfield code="y">RN</subfield>
  </datafield>
  <datafield tag="952" ind1=" " ind2=" ">
    <subfield code="0">0</subfield>
    <subfield code="1">0</subfield>
    <subfield code="4">0</subfield>
    <subfield code="7">0</subfield>
    <subfield code="a">BCEJYS</subfield>
    <subfield code="b">BCEJYS</subfield>
    <subfield code="c">13</subfield>
    <subfield code="d">1970-01-01</subfield>
    <subfield code="h">Tomo XXI - ene./jun. 1970</subfield>
    <subfield code="l">0</subfield>
    <subfield code="o">H336.22 INF T.21</subfield>
    <subfield code="p">R23205</subfield>
    <subfield code="r">2026-04-10 16:10:19</subfield>
    <subfield code="w">2026-04-10</subfield>
    <subfield code="y">RN</subfield>
  </datafield>
  <datafield tag="952" ind1=" " ind2=" ">
    <subfield code="0">0</subfield>
    <subfield code="1">0</subfield>
    <subfield code="4">0</subfield>
    <subfield code="7">0</subfield>
    <subfield code="a">BCEJYS</subfield>
    <subfield code="b">BCEJYS</subfield>
    <subfield code="c">13</subfield>
    <subfield code="d">1969-07-01</subfield>
    <subfield code="h">Tomo XX - jul./dic. 1969</subfield>
    <subfield code="l">0</subfield>
    <subfield code="o">H336.22 INF T.20</subfield>
    <subfield code="p">R23204</subfield>
    <subfield code="r">2026-04-10 16:10:19</subfield>
    <subfield code="w">2026-04-10</subfield>
    <subfield code="y">RN</subfield>
  </datafield>
  <datafield tag="952" ind1=" " ind2=" ">
    <subfield code="0">0</subfield>
    <subfield code="1">0</subfield>
    <subfield code="4">0</subfield>
    <subfield code="7">0</subfield>
    <subfield code="a">BCEJYS</subfield>
    <subfield code="b">BCEJYS</subfield>
    <subfield code="c">13</subfield>
    <subfield code="d">1969-01-01</subfield>
    <subfield code="h">Tomo XIX - ene./jun. 1969</subfield>
    <subfield code="l">0</subfield>
    <subfield code="o">H336.22 INF T.19</subfield>
    <subfield code="p">R23203</subfield>
    <subfield code="r">2026-04-10 16:10:19</subfield>
    <subfield code="w">2026-04-10</subfield>
    <subfield code="y">RN</subfield>
  </datafield>
  <datafield tag="952" ind1=" " ind2=" ">
    <subfield code="0">0</subfield>
    <subfield code="1">0</subfield>
    <subfield code="4">0</subfield>
    <subfield code="7">0</subfield>
    <subfield code="a">BCEJYS</subfield>
    <subfield code="b">BCEJYS</subfield>
    <subfield code="c">13</subfield>
    <subfield code="d">1968-07-01</subfield>
    <subfield code="h">Tomo XVIII - jul./dic. 1968</subfield>
    <subfield code="l">0</subfield>
    <subfield code="o">H336.22 INF T.18</subfield>
    <subfield code="p">R23202</subfield>
    <subfield code="r">2026-04-10 16:10:19</subfield>
    <subfield code="w">2026-04-10</subfield>
    <subfield code="y">RN</subfield>
  </datafield>
  <datafield tag="952" ind1=" " ind2=" ">
    <subfield code="0">0</subfield>
    <subfield code="1">0</subfield>
    <subfield code="4">0</subfield>
    <subfield code="7">0</subfield>
    <subfield code="a">BCEJYS</subfield>
    <subfield code="b">BCEJYS</subfield>
    <subfield code="c">17</subfield>
    <subfield code="d">1967-07-01</subfield>
    <subfield code="h">Tomo XVI - jul./dic. 1967</subfield>
    <subfield code="l">0</subfield>
    <subfield code="o">H336.22 INF T.16</subfield>
    <subfield code="p">R23201</subfield>
    <subfield code="r">2026-04-10 16:10:19</subfield>
    <subfield code="w">2026-04-10</subfield>
    <subfield code="y">RN</subfield>
  </datafield>
  <datafield tag="952" ind1=" " ind2=" ">
    <subfield code="0">0</subfield>
    <subfield code="1">0</subfield>
    <subfield code="4">0</subfield>
    <subfield code="7">0</subfield>
    <subfield code="a">BCEJYS</subfield>
    <subfield code="b">BCEJYS</subfield>
    <subfield code="c">17</subfield>
    <subfield code="d">1966-07-01</subfield>
    <subfield code="h">Tomo XIV - jul./dic. 1966</subfield>
    <subfield code="l">0</subfield>
    <subfield code="o">H336.22 INF T.14</subfield>
    <subfield code="p">R23200</subfield>
    <subfield code="r">2026-04-10 16:10:19</subfield>
    <subfield code="w">2026-04-10</subfield>
    <subfield code="y">RN</subfield>
  </datafield>
  <datafield tag="952" ind1=" " ind2=" ">
    <subfield code="0">0</subfield>
    <subfield code="1">0</subfield>
    <subfield code="4">0</subfield>
    <subfield code="7">0</subfield>
    <subfield code="a">BCEJYS</subfield>
    <subfield code="b">BCEJYS</subfield>
    <subfield code="c">17</subfield>
    <subfield code="d">1966-01-01</subfield>
    <subfield code="h">Tomo XIII - ene./jun. 1966</subfield>
    <subfield code="l">0</subfield>
    <subfield code="o">H336.22 INF T.13</subfield>
    <subfield code="p">R23199</subfield>
    <subfield code="r">2026-04-10 16:10:19</subfield>
    <subfield code="w">2026-04-10</subfield>
    <subfield code="y">RN</subfield>
  </datafield>
  <datafield tag="952" ind1=" " ind2=" ">
    <subfield code="0">0</subfield>
    <subfield code="1">0</subfield>
    <subfield code="4">0</subfield>
    <subfield code="7">0</subfield>
    <subfield code="a">BCEJYS</subfield>
    <subfield code="b">BCEJYS</subfield>
    <subfield code="c">17</subfield>
    <subfield code="d">1965-07-01</subfield>
    <subfield code="h">Tomo XII - jul./dic. 1965</subfield>
    <subfield code="l">0</subfield>
    <subfield code="o">H336.22 INF T.12</subfield>
    <subfield code="p">R23198</subfield>
    <subfield code="r">2026-04-10 16:10:19</subfield>
    <subfield code="w">2026-04-10</subfield>
    <subfield code="y">RN</subfield>
  </datafield>
  <datafield tag="952" ind1=" " ind2=" ">
    <subfield code="0">0</subfield>
    <subfield code="1">0</subfield>
    <subfield code="4">0</subfield>
    <subfield code="7">0</subfield>
    <subfield code="a">BCEJYS</subfield>
    <subfield code="b">BCEJYS</subfield>
    <subfield code="c">17</subfield>
    <subfield code="d">1964-07-01</subfield>
    <subfield code="h">Tomo X - jul./dic. 1964</subfield>
    <subfield code="l">0</subfield>
    <subfield code="o">H336.22 INF T.10</subfield>
    <subfield code="p">R23197</subfield>
    <subfield code="r">2026-04-10 16:10:19</subfield>
    <subfield code="w">2026-04-10</subfield>
    <subfield code="y">RN</subfield>
  </datafield>
  <datafield tag="952" ind1=" " ind2=" ">
    <subfield code="0">0</subfield>
    <subfield code="1">0</subfield>
    <subfield code="4">0</subfield>
    <subfield code="7">0</subfield>
    <subfield code="a">BCEJYS</subfield>
    <subfield code="b">BCEJYS</subfield>
    <subfield code="c">17</subfield>
    <subfield code="d">1964-01-01</subfield>
    <subfield code="h">Tomo IX - ene./jun. 1964</subfield>
    <subfield code="l">0</subfield>
    <subfield code="o">H336.22 INF T.9</subfield>
    <subfield code="p">R23196</subfield>
    <subfield code="r">2026-04-10 16:10:19</subfield>
    <subfield code="w">2026-04-10</subfield>
    <subfield code="y">RN</subfield>
  </datafield>
  <datafield tag="952" ind1=" " ind2=" ">
    <subfield code="0">0</subfield>
    <subfield code="1">0</subfield>
    <subfield code="4">0</subfield>
    <subfield code="7">0</subfield>
    <subfield code="a">BCEJYS</subfield>
    <subfield code="b">BCEJYS</subfield>
    <subfield code="c">17</subfield>
    <subfield code="d">1963-07-01</subfield>
    <subfield code="h">Tomo VIII - jul./dic. 1963</subfield>
    <subfield code="l">0</subfield>
    <subfield code="o">H336.22 INF T.8</subfield>
    <subfield code="p">R23195</subfield>
    <subfield code="r">2026-04-10 16:10:19</subfield>
    <subfield code="w">2026-04-10</subfield>
    <subfield code="y">RN</subfield>
  </datafield>
  <datafield tag="952" ind1=" " ind2=" ">
    <subfield code="0">0</subfield>
    <subfield code="1">0</subfield>
    <subfield code="4">0</subfield>
    <subfield code="7">0</subfield>
    <subfield code="a">BCEJYS</subfield>
    <subfield code="b">BCEJYS</subfield>
    <subfield code="c">17</subfield>
    <subfield code="d">1963-01-01</subfield>
    <subfield code="h">Tomo VII - ene./jun. 1963</subfield>
    <subfield code="l">0</subfield>
    <subfield code="o">H336.22 INF T.7</subfield>
    <subfield code="p">R23194</subfield>
    <subfield code="r">2026-04-10 16:10:19</subfield>
    <subfield code="w">2026-04-10</subfield>
    <subfield code="y">RN</subfield>
  </datafield>
  <datafield tag="952" ind1=" " ind2=" ">
    <subfield code="0">0</subfield>
    <subfield code="1">0</subfield>
    <subfield code="4">0</subfield>
    <subfield code="7">0</subfield>
    <subfield code="a">BCEJYS</subfield>
    <subfield code="b">BCEJYS</subfield>
    <subfield code="c">17</subfield>
    <subfield code="d">1962-07-01</subfield>
    <subfield code="h">Tomo VI - jul./dic. 1962</subfield>
    <subfield code="l">0</subfield>
    <subfield code="o">H336.22 INF T.6</subfield>
    <subfield code="p">R23193</subfield>
    <subfield code="r">2026-04-10 16:10:19</subfield>
    <subfield code="w">2026-04-10</subfield>
    <subfield code="y">RN</subfield>
  </datafield>
  <datafield tag="952" ind1=" " ind2=" ">
    <subfield code="0">0</subfield>
    <subfield code="1">0</subfield>
    <subfield code="4">0</subfield>
    <subfield code="7">0</subfield>
    <subfield code="a">BCEJYS</subfield>
    <subfield code="b">BCEJYS</subfield>
    <subfield code="c">16</subfield>
    <subfield code="d">1961-01-01</subfield>
    <subfield code="h">Tomo III - ene./jun. 1961</subfield>
    <subfield code="l">0</subfield>
    <subfield code="o">H336.22 INF T.3</subfield>
    <subfield code="p">R23192</subfield>
    <subfield code="r">2026-04-10 16:10:19</subfield>
    <subfield code="w">2026-04-10</subfield>
    <subfield code="y">RN</subfield>
  </datafield>
</record>
